Architectures modernes: L'émergence d'un patrimoine
Uloženo v:
| Hlavní autoři: | , |
|---|---|
| Médium: | Kniha |
| Jazyk: | francouzština |
| Vydáno: |
Mardaga
2012
|
| Vydání: | 1a. ed |
| Témata: | |
| Tagy: |
Přidat tag
Žádné tagy, Buďte první, kdo vytvoří štítek k tomuto záznamu!
|
MARC
| LEADER | 00000cam a2200000 a 4500 | ||
|---|---|---|---|
| 001 | UCE3955 | ||
| 003 | CL-VaPUC | ||
| 008 | 141003e20120000be |||||||||||||||||fre|d | ||
| 020 | |a 9782804701000 | ||
| 082 | 0 | 4 | |a 724.7 |b CAS |2 21 |
| 100 | 0 | |a Casciato, Maristella |e author |9 576473 | |
| 700 | 0 | |a Orgeix, Emilie D |e author |9 576474 | |
| 245 | 1 | 0 | |a Architectures modernes: L'émergence d'un patrimoine |
| 250 | |a 1a. ed | ||
| 300 | |a 195 p | ||
| 942 | |c BK | ||
| 945 | |d 20141003 14:18:00 |a arojas | ||
| 260 | |b Mardaga |c 2012 | ||
| 650 | 7 | |a CONSERVACION Y RESTAURACION |2 CL-VaPUC |9 267543 | |
| 650 | 0 | |a Arquitectura moderna |9 265021 | |
| 650 | 0 | |a Patrimonio cultural |9 309364 | |
| 583 | |a last modification |c 20150430 02:52:10 |k Rodrigo Vera | ||
| 999 | |c 357055 |d 357053 | ||
| 952 | |0 0 |1 0 |3 erb |4 0 |6 724_700000000000000_CAS_2012 |7 0 |8 A |9 464862 |a BIBARQ |b BIBARQ |i 5116821 |o 724.7 CAS 2012 |p 5116821 |r 2025-01-20 |w 2019-11-23 |y BK |z Catalogado en:20141003 |k ARQ | ||